Világjárvány hatásai a szórakoztatóiparra

Bibliográfiai részletek
Szerző: Dillik Vivien
További közreműködők: Schultz Dr. Éva
Dokumentumtípus: Projektmunka
Kulcsszavak:koronavírus-járvány (COVID-19)
rendezvények
rendezvényszervezés
szórakoztatóipar
turizmus
Online Access:http://dolgozattar.uni-bge.hu/60294

MARC

LEADER 00000nnm a2200000 i 4500
001 dolg60294
005 20260409150249.0
008 260409suuuu hu o 000 hun d
040 |a BGE Dolgozattár Repozitórium  |b hun 
041 |a hu 
100 1 |a Dillik Vivien 
245 1 0 |a Világjárvány hatásai a szórakoztatóiparra  |c Dillik Vivien  |h [elektronikus dokumentum] 
516 |a Project_work 
520 3 |a Kutatásom célja az volt, hogy a gyakorlati helyemen szerzett tapasztalataim alapján egy olyan témát dolgozzak ki, amelyben a turisták, illetve a más országból idelátogató vendégek szórakozási szokásait mérem fel, valamint hogy miben változtak a szokásaik ezeken a helyeken a Covid-19 vírus alatt és az azutáni években. Kutatási kérdéseim megválaszolására a Heaven Club Budapest munkatársai álltak a segítségemre készségesen, és az interjú során minden információval elláttak amire szükségem volt. 
695 |a koronavírus-járvány (COVID-19) 
695 |a rendezvények 
695 |a rendezvényszervezés 
695 |a szórakoztatóipar 
695 |a turizmus 
700 1 |a Schultz Dr. Éva  |e ths 
856 4 0 |u http://dolgozattar.uni-bge.hu/60294/1/Dillik%20Vivien-Projektmunka%20K%C3%A9sz-2.pdf  |z Dokumentum-elérés 
856 4 0 |u http://dolgozattar.uni-bge.hu/60294/2/Dillik%20Vivien-Projektmunka%20K%C3%A9sz-2.pdf  |z Dokumentum-elérés 
856 4 0 |u http://dolgozattar.uni-bge.hu/60294/3/Dillik%20Vivien_FOSZK_b%C3%ADr%C3%A1lat_Schultz%20%C3%89va.pdf  |z Dokumentum-elérés